01001nam a22002417a 45000010005000000030006000050050017000110080041000280200018000690400029000870500017001161000023001332450085001562500018002412600051002593000063003104900033003735050008004065200260004145210029006745210020007037000036007238054FISKH20250819163608.0250819b cb ||||| |||| 00| 0 eng d a9780578021102 aFISKHbengcFISKHdFISKH aBR115.P7 A38 aWolfendon, Andrew  aA winning dream / cStory by Andrew Wolfendon : Illustrations by Berne Williams  aFirst Edition aCalifornia :bThe de Sales Group, LLC ,c2009. a32 unnumbered pages :bcolor illustrations ;c22 X22 cm .  aMy Storytime FriendsvBook 1 aK  aBrady Bear, a bear that loves to run, is not very good at it. He ends up finding a sport that he is really good at, and in his first race he gives up first place to help save a Little Bear that ends up in danger. This incident leads to Brady Bears career.8 a510 bLexile estimate 8 aK bRaz-Plus  aWilliams , Berne eIllustrator